[Event "World Junior U20 Open 2018"]
[Site "Gebze"]
[Date "2018.09.08"]
[Round "5.29"]
[White "Dobrovoljc, Vid"]
[Black "Lodici, Lorenzo"]
[Result "0-1"]
[WhiteElo "2316"]
[BlackElo "2458"]
[Annotator "TA"]
[PlyCount "118"]
[EventDate "2018.09.05"]
[EventType "swiss"]
[EventCountry "TUR"]
[SourceTitle "playchess.com"]
[Source "ChessBase"]
[SourceQuality "1"]

{[%evp 15,117,25,29,20,29,6,7,-8,-9,-24,-2,-6,8,-13,11,-22,14,14,36,-25,-6,-60,-3,-46,-36,-113,-98,-90,-93,-97,-104,-239,-236,-214,-195,-237,-132,-138,-133,-132,-136,-136,-51,-45,-35,-222,-227,-232,-229,-333,-177,-196,-195,-187,-193,-186,-180,-185,-194,-183,-143,-152,-154,-204,-143,-185,-172,-172,-172,-179,-112,-114,-47,-239,-80,-115,-60,-90,-64,-67,-65,-163,-169,-173,-124,-325,-207,-237,-212,-237,-170,-325,-308,-280,-250,-346,-320,-29985,-29986,-29986,-29987,-29994,-29995,-29999]} 1. e4 e5 2. Nf3 Nc6 3. Bb5 a6 4. Ba4 d6 5. O-O Bd7 6. c3 g6 7. d4 Bg7 8. d5 Nce7 9. c4 {C76: Ruy Lopez: Deferred Steinitz: 5 c3 Bd7 6 d4 g6} b5 10. Bc2 f5 11. a4 $146 {The position is equal.} ({Predecessor:} 11. Ng5 Nf6 12. a4 bxc4 13. f3 c6 14. dxc6 Qb6+ 15. Kh1 Qxc6 16. a5 O-O {0-1 (43) Pavlidis,A (2539)-McShane,L (2640) Katowice 2017}) 11... bxc4 12. Nc3 Nf6 13. Qe2 $1 O-O 14. Qxc4 Kh8 15. a5 c6 16. dxc6 $1 Nxc6 17. Be3 ({White should try} 17. exf5 $14 d5 18. Nxd5 Nxd5 19. Qxd5) 17... Rc8 $11 {Strongly threatening ...Nd4.} 18. Bb6 (18. Qxa6 $11 Nb4 19. Qe2) 18... Qe7 (18... Qe8 $1 $15 19. Qb3 Be6) 19. Qe2 Nb4 20. Ba4 (20. exf5 $1 $15 Nxc2 21. Qxc2 Bxf5 22. Qe2) 20... Be6 $1 $17 {[%cal Re6c4]} 21. Rfd1 Bc4 22. Qe3 fxe4 23. Nxe4 (23. Nd2 $17) 23... Nbd5 $19 24. Qe1 Nxe4 $1 25. Qxe4 Nxb6 (25... Nf4 $19 26. Qe3 d5) 26. axb6 $17 d5 $1 {[%cal Rd5e4]} 27. Qe3 e4 $1 28. Nd4 Qd6 (28... Qf6 $1 $17 29. Nb3 Rcd8) 29. b7 $15 Rc7 30. Bc2 $2 (30. b3 $15 Bd3 31. Rac1 Rxb7 32. Rc6) 30... Rxb7 $19 31. b3 Bb5 $1 32. Bxe4 (32. Rac1 {was called for.} Be8 33. Rd2) 32... Re7 (32... Re8 $142 33. Qc1 Rxe4 34. Qc8+ Qf8 35. Qxb7 Bxd4) 33. Nxb5 axb5 34. Ra7 Re5 $1 ({Not} 34... Rxe4 $2 35. Qxe4 $1 {[%mdl 512]} Qc5 36. Qe3 $18) 35. Qg3 Qb8 36. Rxg7 Kxg7 37. Bxd5 Rfe8 38. Qc3 Qc8 $1 {[%cal Rc8c3]} 39. Qd4 {[#] Hoping for f4.} Qc5 $3 {[%mdl 512] ( -> ...Qxd4)} 40. Qa1 (40. Qxc5 Re1+) 40... Kh6 41. Bf3 {[#]} Qa3 $1 {[%cal Ra3a1][%mdl 512] ...Qxa1 is the strong threat.} 42. g3 (42. Qxa3 Re1+) 42... Qxb3 $40 {[%mdl 128] Black goes for the king.} (42... Qxa1 $19 43. Rxa1 Rf8) 43. Kg2 {[#]} R8e7 (43... Qe6 $1 $17 44. Rd4 Kg7) 44. Qa8 $2 (44. Rd8 $15) 44... Qf7 $2 (44... Rf5 $19 {is more deadly. Threatens to win with ...Ref7.} 45. g4 Rf4) 45. Bd5 Qe8 (45... Qf6 $17 46. Rd4 g5) 46. Qa3 Rf5 {White must now prevent ...Rc7.} 47. Qc1+ Kg7 $1 48. Qc3+ ({Better is} 48. g4 $15 Rfe5 49. Qc3) 48... Rf6 49. Rd3 Re5 50. Bb3 $2 (50. Bf3 $17) 50... Qe7 51. Qc8 {aiming for Rd7.} Rf8 52. Qc3 {And now f4 would win.} Qf6 53. Rd2 $2 (53. Qd2) 53... Re7 54. Qd3 b4 55. h4 Qc3 56. Qd6 $2 (56. Qd5 $19) 56... Qf3+ {Black mates.} 57. Kh2 Re1 {[%csl Ge1][%cal Rf3h1]} 58. Qc7+ Kh6 {[%csl Ge1][%cal Rf3h1]} 59. Rd7 Rh1# {Precision: White = 25%, Black = 59%.} (59... Qh1# $142) 0-1

[Event "World Junior U20 Open 2018"]
[Site "Gebze"]
[Date "2018.09.08"]
[Round "5.30"]
[White "Thilakarathne, G M H"]
[Black "Haria, Ravi"]
[Result "1/2-1/2"]
[WhiteElo "2238"]
[BlackElo "2442"]
[Annotator "TA"]
[PlyCount "160"]
[EventDate "2018.09.05"]
[EventType "swiss"]
[EventCountry "TUR"]
[SourceTitle "playchess.com"]
[Source "ChessBase"]
[SourceQuality "1"]

{[%evp 33,160,25,55,25,25,26,25,14,28,20,25,20,31,31,31,23,18,20,24,29,39,38,41,27,48,32,53,43,50,58,62,52,54,53,68,0,157,140,188,201,191,185,226,233,202,150,525,486,547,543,536,532,504,346,340,334,325,312,332,353,515,362,301,37,32,13,13,12,53,53,53,53,53,46,53,53,53,53,53,8,13,8,8,8,37,37,45,8,8,0,0,0,0,0,0,0,0,0,0,0,0,0,0,0,0,0,0,0,0,0,0,0,0,0,0,0,0,0,0,0,0,0,0,0,0,0,0,0,0]} 1. e4 e6 2. d4 d5 3. Nd2 Nf6 4. e5 Nfd7 5. Bd3 c5 6. c3 Nc6 7. Ne2 cxd4 8. cxd4 f6 9. exf6 Nxf6 10. O-O Bd6 11. Nf3 Qc7 12. h3 O-O 13. Be3 {C06: French Tarrasch: 3...Nf6 4 e5 Nfd7 5 Bd3 main lines} Bd7 {[%cal Bc8d7,Bd7e8,Be8h5][%mdl 32]} 14. Re1 Rae8 (14... Be8 15. Ng5 Bf7 16. Rc1 Kh8 17. a3 Bg8 18. b4 a6 19. g3 h6 20. Nf4 Bxf4 21. Bxf4 {1-0 (38) Navara,D (2729)-Michiels,B (2563) Wijk aan Zee 2015 CBM 165 [Navara,D]}) 15. Rc1 Qb8 16. a3 Re7 17. Nc3 {[%cal Be2c3,Bc3a4,Ba4c5][%mdl 32]} a6 {LiveBook: 6 Games} 18. Na4 Be8 19. Nc5 Bh5 20. Be2 Bxc5 $146 ({Predecessor:} 20... Qe8) 21. Rxc5 Ne4 22. Rc2 Ref7 23. Ng5 Bxe2 ({Don't blunder} 23... Nxf2 $2 24. Bxf2 Rxf2 25. Bxh5 $18) 24. Rcxe2 Nxg5 25. Bxg5 h6 26. Be3 {[%cal Bg5e3,Be3g1,Bg1h2][%mdl 32]} Rf6 27. f3 Qd6 28. Kh1 g5 29. Bg1 Qd7 30. Bh2 Rg6 31. b4 h5 32. a4 g4 33. fxg4 hxg4 34. hxg4 (34. b5 $14 axb5 35. axb5) 34... Rf7 $2 (34... Rh6 $1 $11) 35. Re3 Rfg7 36. b5 axb5 37. axb5 Nd8 38. Be5 Rh7+ 39. Rh3 Qxb5 $2 (39... Nf7 $16 40. Kg1 (40. Rxh7 Kxh7 41. Qf3 Nxe5 $16) 40... Rxh3 41. gxh3 Nxe5 42. Rxe5 Qxb5) 40. Qc2 $18 Rgh6 41. Kg1 Qe8 42. Rxh6 Rxh6 43. g5 Qg6 44. Qf2 Rh5 {[#]} 45. Qf6 $1 {[%cal Rf6g6]} Qxf6 46. Bxf6 {[%mdl 4096] Endgame KRB-KRN} Nf7 (46... Nc6 $142 47. Rxe6 Kf7) 47. Rxe6 {White threatens g6 and mate.} Kh7 48. Re7 $2 ({White should try} 48. g4 $18 Rh3 49. Kg2) 48... Kg6 $14 49. Rxb7 {Threatening Rd7.} Nxg5 50. Be5 {With the idea Rb5.} Rh7 51. Rb5 Rd7 $1 52. Kf2 Kf5 53. Ke3 Ne4 54. Rb8 Ra7 55. Rf8+ Ke6 56. g4 Ra1 57. Rg8 Re1+ 58. Kf3 Nd2+ 59. Kf2 Ra1 60. g5 Ne4+ {The position is equal.} 61. Kg2 {[#] aiming for g6.} Ra2+ 62. Kh3 Kf5 63. g6 Ng5+ 64. Kg3 {g7 is the strong threat.} Ne4+ $1 65. Kf3 {Black must now prevent g7.} Nd2+ 66. Kg3 Ne4+ 67. Kh3 Ng5+ 68. Kh4 {Strongly threatening g7.} Nf3+ 69. Kh5 Nxe5 $11 {[%cal Ra2h2] KRN-KR} 70. Rf8+ Ke4 {And now ...Rh2+ would win.} 71. dxe5 Kxe5 {KR-KR} 72. g7 Rh2+ 73. Kg6 Rg2+ 74. Kf7 d4 {[%cal Bd5d4,Bd4d3,Bd3d2][%mdl 32]} 75. g8=Q Rxg8 76. Rxg8 d3 77. Kg6 Kf4 78. Rd8 Ke3 79. Kf5 d2 80. Kg4 Ke2 {Precision: White = 59%, Black = 55%.} 1/2-1/2

[Event "World Junior U20 Open 2018"]
[Site "Gebze"]
[Date "2018.09.08"]
[Round "5.31"]
[White "Kamer, Kayra"]
[Black "Sibashvili, Giorgi"]
[Result "1-0"]
[WhiteElo "2205"]
[BlackElo "2425"]
[Annotator "TA"]
[PlyCount "69"]
[EventDate "2018.09.05"]
[EventType "swiss"]
[EventCountry "TUR"]
[SourceTitle "playchess.com"]
[Source "ChessBase"]
[SourceQuality "1"]

{[%evp 10,69,-3,-33,-33,-95,-95,-122,-132,-215,-216,-215,-221,-256,-253,-247,-226,-277,-275,-289,-294,-285,-264,-549,-512,-521,-512,-617,-597,-780,160,162,174,170,175,189,183,193,400,379,439,483,496,477,490,465,495,461,876,892,903,903,879,877,1050,1033,1772,1733,1710,1825,1972,2071]} 1. e4 e5 2. Nf3 Nc6 3. Nc3 Nf6 4. Bb5 Nd4 5. Ba4 c6 6. O-O a5 {C48: Four Knights: 4 Bb5, replies other than 4...Bb4} (6... d6 7. Nxd4 exd4 8. Nd5 Nd7 9. Nf4 Nc5 10. Bb3 Be7 11. d3 a5 12. c4 dxc3 13. Bc2 cxb2 14. Bxb2 {1-0 (46) Dzhumaev,M (2549)-Atalik,E (2455) Kazan 2013}) 7. Nxe5 $146 ({White should try} 7. Bb3 $15) ({Predecessor:} 7. a3 Bc5 8. h3 d6 9. b4 axb4 10. axb4 Nxf3+ 11. Qxf3 Ba7 12. Bb2 O-O 13. Bb3 Be6 14. Bxe6 fxe6 {½-½ (27) Siigur,J (2434)-Kopeikin,V (2427) ICCF email 2013}) 7... d6 $17 8. Nf3 {[#]} Bg4 $1 {[%mdl 1024] Black is better. Black has strong compensation.} 9. a3 (9. d3 $17 {was worth a try.}) 9... Nd7 $19 {[%cal Bf6d7,Bd7e5,Be5f3][%mdl 32]} 10. Re1 Ne5 11. Re3 b5 12. Bb3 Qf6 13. Qf1 Nexf3+ ({But not} 13... Ndxf3+ 14. gxf3 Nxf3+ 15. Kh1 $17) 14. gxf3 Bxf3 {( -> ...Qg6+)} ({Don't play} 14... Nxf3+ 15. Kh1 $17) 15. Qh3 {and the idea Rd3 leaves White hopeful.} h5 16. Qg3 $2 (16. d3) 16... h4 17. Qh3 Rh6 18. Kf1 Rg6 19. d3 Qg5 $2 {[#]} (19... Bg2+ $19 20. Qxg2 Rxg2 21. Kxg2 a4) 20. Bxf7+ $1 $16 {[%mdl 512]} Kd8 {[%csl Gg6][%cal Rg5g1]} (20... Kxf7 21. Rxf3+) 21. Bxg6 Bg4 22. Qg2 Qxg6 23. f4 {[%cal Bf2f4,Bf4f5,Bf5g6,Bg6g7][%mdl 32]} h3 $2 (23... Kd7 24. Qf2 Kc7) 24. Qf2 $18 Qh5 25. Rg3 {White is clearly winning.} c5 26. Be3 Nf3 27. Nd5 Be7 28. f5 g5 (28... Bh4 $142 29. Bf4 Nd4 30. Bxd6 Be2+ 31. Kg1 Nf3+ 32. Kh1 Nd4) 29. fxg6 Bh4 30. g7 Kd7 31. Nb6+ Ke7 32. Nxa8 Nxh2+ 33. Qxh2 Qf7+ 34. Kg1 Qxg7 {[#]} 35. Qxh3 $1 {Precision: White = 56%, Black = 66%.} 1-0

[Event "World Junior U20 Open 2018"]
[Site "Gebze"]
[Date "2018.09.08"]
[Round "5.32"]
[White "Raja Harshit"]
[Black "Agibileg, Uurtsaikh"]
[Result "1-0"]
[WhiteElo "2419"]
[BlackElo "2321"]
[Annotator "TA"]
[PlyCount "55"]
[EventDate "2018.09.05"]
[EventType "swiss"]
[EventCountry "TUR"]
[SourceTitle "playchess.com"]
[Source "ChessBase"]
[SourceQuality "1"]

{[%evp 17,55,6,47,6,42,39,44,54,89,57,118,106,98,95,90,86,92,91,106,116,159,149,229,216,221,219,395,437,418,395,394,337,388,374,658,651,740,733,950,942]} 1. e4 c5 2. Nf3 e6 3. d4 cxd4 4. Nxd4 Nc6 5. Nc3 a6 6. Be3 Qc7 7. Qd2 Nf6 8. f4 {B48: Sicilian: Taimanov: 5 Nc3 Qc7 6 Be3 a6 without Be2} Bb4 9. Bd3 d6 {LiveBook: 10 Games} (9... Ng4 $5 {[%cal Rg4e3]}) (9... Na5 10. a3 Bxc3 11. Qxc3 Qxc3+ 12. bxc3 d5 13. exd5 exd5 14. Nb3 Nc4 15. Bd4 Ne4 {1-0 (57) Carlsen,M (2834)-Matlakov,M (2718) Wijk aan Zee 2018}) 10. Nb3 {White is slightly better.} Na5 $146 ({Predecessor:} 10... Ne7 11. a3 Bxc3 12. Qxc3 Qxc3+ 13. bxc3 Bd7 14. Na5 Bc6 15. Bd4 d5 16. exd5 Bxd5 {½-½ (75) Perez Candelario,M (2586)-Andres Gonzalez,A (2517) Linares 2017}) 11. a3 Nxb3 12. cxb3 Bc5 13. Rc1 Bd7 (13... Bxe3 $14 14. Qxe3 O-O) 14. Bxc5 dxc5 15. e5 Nd5 16. Ne4 O-O 17. Nxc5 Rfc8 {...b6 is the strong threat.} 18. O-O $36 {[%mdl 2048] White has strong initiative.} Qb6 19. b4 a5 (19... g6 $16 {was necessary.} 20. Bc4 Bb5) 20. Kh1 $18 Bb5 21. bxa5 Rxa5 $2 {[#]} (21... Qa7 {was called for.}) 22. Na4 $1 {[%mdl 512]} Qd8 {[#]} (22... Rxa4 23. Rxc8+) 23. Qxa5 $1 {[%mdl 512]} Bxd3 (23... Qxa5 24. Rxc8+) 24. Qxd8+ Rxd8 25. Rfd1 Nxf4 $2 (25... Bb5 26. Nb6 Bc6) 26. Nc5 {White is clearly winning.} g6 27. Rc3 Nh3 28. Nxd3 {Precision: White = 76%, Black = 14%.} 1-0

[Event "World Junior U20 Open 2018"]
[Site "Gebze"]
[Date "2018.09.08"]
[Round "5.33"]
[White "Muradli, Mahammad"]
[Black "Pang, Tao"]
[Result "1/2-1/2"]
[WhiteElo "2407"]
[BlackElo "2290"]
[Annotator "ChessBase"]
[PlyCount "67"]
[EventDate "2018.09.05"]
[EventType "swiss"]
[EventCountry "TUR"]
[SourceTitle "playchess.com"]
[Source "ChessBase"]
[SourceQuality "1"]
[TimeControl "40/5400+30:1800+30"]

1. d4 {[%emt 0:00:30]} d5 {[%emt 0:00:30]} 2. Nf3 {[%emt 0:00:30]} Nf6 {[%emt 0:00:30]} 3. c4 {[%emt 0:00:30]} e6 {[%emt 0:00:00]} 4. Nc3 {[%emt 0:00:00]} Nbd7 {[%emt 0:00:00]} 5. Bf4 {[%emt 0:02:00]} dxc4 {[%emt 0:02:30]} 6. e3 {[%emt 0:00:30]} Nb6 {[%emt 0:03:30]} 7. Bxc4 {[%emt 0:13:30]} Nxc4 {[%emt 0:01:30]} 8. Qa4+ {[%emt 0:00:00]} Bd7 {[%emt 0:00:00]} 9. Qxc4 {[%emt 0:00:00]} Bd6 {[%emt 0:00:00]} 10. Ne5 {[%emt 0:10:30]} Nh5 {[%emt 0:28:30]} 11. O-O {[%emt 0:12:30]} Nxf4 {[%emt 0:00:30]} 12. exf4 {[%emt 0:00:30]} O-O {[%emt 0:10:30]} 13. Rfe1 {[%emt 0:02:30]} Bxe5 {[%emt 0:06:30]} 14. dxe5 {[%emt 0:08:30]} Bc6 {[%emt 0:00:30]} 15. b4 {[%emt 0:05:30]} Bd5 {[%emt 0:06:30]} 16. Nxd5 {[%emt 0:05:30]} Qxd5 {[%emt 0:00:30]} 17. Qxc7 {[%emt 0:03:30]} Rac8 {[%emt 0:00:00]} 18. Qe7 {[%emt 0:07:30]} Rfe8 {[%emt 0:01:00]} 19. Qh4 {[%emt 0:00:30]} Red8 {[%emt 0:01:30]} 20. h3 {[%emt 0:01:30]} Qd2 {[%emt 0:01:30]} 21. a3 {[%emt 0:02:30]} Rd3 {[%emt 0:03:30]} 22. Qg4 {[%emt 0:08:24]} Rxa3 {[%emt 0:02:30]} 23. Rab1 {[%emt 0:06:08]} Ra2 {[%emt 0:05:30]} 24. Rf1 {[%emt 0:01:34]} Rb2 {[%emt 0:02:30]} 25. f5 {[%emt 0:03:31]} Rxb1 {[%emt 0:09:45]} 26. Rxb1 {[%emt 0:00:01]} h5 {[%emt 0:01:23]} 27. Qe4 {[%emt 0:02:09]} Qc2 {[%emt 0:00:38]} 28. Qxc2 {[%emt 0:00:53]} Rxc2 {[%emt 0:00:04]} 29. Rd1 {[%emt 0:00:55]} exf5 {[%emt 0:04:39]} 30. Rd8+ {[%emt 0:00:45]} Kh7 {[%emt 0:00:03]} 31. Rd7 {[%emt 0:00:11]} Kg6 {[%emt 0:03:47]} 32. Rxb7 {[%emt 0:00:30]} Rb2 {[%emt 0:00:00]} 33. f4 {[%emt 0:01:20]} h4 {[%emt 0:00:00]} 34. Rb5 {[%emt 0:00:58]} 1/2-1/2

[Event "World Junior U20 Open 2018"]
[Site "Gebze"]
[Date "2018.09.08"]
[Round "5.34"]
[White "Gorshtein, Ido"]
[Black "Tarlabasi, Emirhan"]
[Result "1-0"]
[WhiteElo "2383"]
[BlackElo "2193"]
[Annotator "NA"]
[PlyCount "65"]
[EventDate "2018.09.05"]
[EventType "swiss"]
[EventCountry "TUR"]
[SourceTitle "playchess.com"]
[Source "ChessBase"]
[SourceQuality "1"]
[TimeControl "40/5400+30:1800+30"]

1. c4 {[%emt 0:00:30]} e6 {[%emt 0:00:30]} 2. Nc3 {[%emt 0:00:00]} d5 {[%emt 0:00:30]} 3. cxd5 {[%emt 0:00:00]} exd5 {[%emt 0:00:30]} 4. d4 {[%emt 0:00:00]} Be7 {[%emt 0:00:00]} 5. Qc2 {[%emt 0:00:00]} c6 {[%emt 0:00:00]} 6. Bf4 {[%emt 0:00:30]} Nf6 {[%emt 0:01:30]} 7. e3 {[%emt 0:00:30]} O-O {[%emt 0:03:30]} 8. Bd3 {[%emt 0:00:30]} Nbd7 {[%emt 0:02:30]} 9. Nf3 {[%emt 0:00:30]} Re8 {[%emt 0:02:30]} 10. O-O {[%emt 0:01:30]} Nf8 {[%emt 0:00:30]} 11. Rab1 {[%emt 0:03:30]} a5 {[%emt 0:04:30]} 12. h3 {[%emt 0:06:30]} Ne6 {[%emt 0:02:30]} 13. Bh2 {[%emt 0:02:30]} g6 {[%emt 0:03:30]} 14. a3 {[%emt 0:00:30]} b6 {[%emt 0:06:30]} 15. b4 {[%emt 0:02:30]} axb4 {[%emt 0:02:30]} 16. axb4 {[%emt 0:01:30]} Bb7 {[%emt 0:02:30]} 17. Ne5 {[%emt 0:00:30]} Nd7 {[%emt 0:07:30]} 18. Rfd1 {[%emt 0:06:30]} Nxe5 {[%emt 0:06:30]} 19. dxe5 {[%emt 0:00:30]} b5 {[%emt 0:05:30]} 20. Kh1 {[%emt 0:03:30]} Qb6 {[%emt 0:04:30]} 21. f4 {[%emt 0:01:30]} Qxe3 {[%emt 0:07:30]} 22. Re1 {[%emt 0:00:30]} Qd4 {[%emt 0:04:30]} 23. Ne2 {[%emt 0:02:30]} Qa7 {[%emt 0:05:30]} 24. f5 {[%emt 0:00:30]} Nf8 {[%emt 0:05:30]} 25. e6 {[%emt 0:00:30]} Bf6 {[%emt 0:02:54]} 26. exf7+ {[%emt 0:00:30]} Kxf7 {[%emt 0:00:04]} 27. fxg6+ {[%emt 0:00:30]} hxg6 {[%emt 0:00:13]} 28. Nf4 {[%emt 0:02:30]} Rxe1+ {[%emt 0:04:36]} 29. Rxe1 {[%emt 0:00:00]} Qd4 {[%emt 0:00:54]} 30. Bxg6+ {[%emt 0:01:00]} Kg8 {[%emt 0:00:17]} 31. Bh7+ {[%emt 0:06:30]} Nxh7 {[%emt 0:08:39]} 32. Qg6+ {[%emt 0:00:30]} Bg7 {[%emt 0:00:06]} 33. Qe6+ {[%emt 0:00:00]} 1-0

[Event "World Junior U20 Open 2018"]
[Site "Gebze"]
[Date "2018.09.08"]
[Round "5.35"]
[White "Jogstad, Martin"]
[Black "Repka, Christopher"]
[Result "1/2-1/2"]
[WhiteElo "2305"]
[BlackElo "2523"]
[Annotator "TA"]
[PlyCount "97"]
[EventDate "2018.09.05"]
[EventType "swiss"]
[EventCountry "TUR"]
[SourceTitle "playchess.com"]
[Source "ChessBase"]
[SourceQuality "1"]

{[%evp 28,97,22,13,56,57,69,75,85,33,25,29,27,27,27,0,16,26,128,122,120,127,127,153,135,126,152,118,145,29,33,33,33,27,34,34,35,33,44,44,45,45,45,44,45,45,45,45,45,45,45,45,45,55,55,55,55,55,55,44,44,44,55,8,8,8,8,8,8,0,0,0]} 1. d4 Nf6 2. c4 e6 3. g3 c5 4. Nf3 cxd4 5. Nxd4 d5 6. Bg2 e5 7. Nf3 d4 8. O-O Nc6 9. e3 Be7 10. exd4 exd4 11. Bf4 O-O 12. Ne5 Qb6 13. Re1 {E01: Catalan: Early deviations} Be6 14. Nd2 Rac8 15. a3 {LiveBook: 4 Games} a5 (15... d3 16. b4 Nxe5 17. c5 Qa6 18. Bxe5 Ng4 19. Bc3 Bf6 20. Qc1 Rfd8 {½-½ (35) Dubov,D (2660)-Nepomniachtchi,I (2751) Sochi 2017}) 16. Qb3 {[#]} Qa7 $146 ({Predecessor:} 16... Qa6 17. Rac1 Nh5 18. Nd3 Rfe8 19. Qb5 {0-1 (51) Iskusnyh,S (2473)-Alekseev,E (2627) Yaroslavl 2018}) 17. Qb5 {[%cal Rg2c6]} Bd6 18. Nd7 (18. Nxc6 bxc6 19. Qg5 (19. Bxc6 $2 Bxf4 20. gxf4 Rb8 $17) 19... h6 $15) (18. Ng6 $16) 18... Bxf4 $14 19. Nxf6+ gxf6 20. gxf4 {Strongly threatening Ne4.} f5 21. Ne4 {[#] Black must now prevent Nd6.} Qb8 22. Nc5 $36 {[%mdl 2048] White has the initiative.} Qxf4 (22... d3 $11 {keeps the balance.}) 23. Rxe6 $16 ({But not} 23. Nxe6 $6 fxe6 24. Rxe6 Rf7 $11) ({And not} 23. Qxb7 Ne5 $17) ({Don't play} 23. Nxb7 $6 Ne7 $11) 23... fxe6 24. Nxe6 Qb8 25. Nxf8 Rxf8 26. Rd1 Kh8 27. Bxc6 bxc6 28. Qxb8 ({White should play} 28. Qxc6 $16 {Threatens to win with Qc5.} Qb3 29. Rxd4 Qxb2 30. Qd5 Qxa3 31. Qe5+ Kg8 32. Qe6+ Kh8 33. Qe5+ Kg8 34. Qe6+ Kh8 35. Qe5+) 28... Rxb8 $11 29. Rxd4 Rxb2 $16 {[%mdl 4096] Endgame KR-KR} 30. Rf4 Ra2 31. Rxf5 Rxa3 32. Rc5 Rc3 33. Rxc6 a4 34. Rc7 a3 35. Ra7 Rxc4 36. Rxa3 Kg7 37. Ra6 Rg4+ 38. Kf1 Rg5 39. f3 Rh5 40. Kg2 Rg5+ 41. Kf2 Rh5 42. Kg3 Rg5+ 43. Kf4 Rh5 44. Ra2 Kf6 45. Rg2 Rf5+ {The position is equal.} 46. Ke3 Re5+ 47. Kf2 Rh5 48. f4 Rh3 49. Kg1 {Precision: White = 61%, Black = 70%.} 1/2-1/2

[Event "World Junior U20 Open 2018"]
[Site "Gebze"]
[Date "2018.09.08"]
[Round "5.36"]
[White "Morozov, Nichita"]
[Black "Gulbeyaz, Emir"]
[Result "1-0"]
[WhiteElo "2452"]
[BlackElo "2285"]
[Annotator "TA"]
[PlyCount "104"]
[EventDate "2018.09.05"]
[EventType "swiss"]
[EventCountry "TUR"]
[SourceTitle "playchess.com"]
[Source "ChessBase"]
[SourceQuality "1"]

{[%evp 9,104,14,25,41,47,9,21,10,11,15,17,3,21,7,16,6,0,0,13,13,15,22,15,12,12,12,12,0,3,10,4,0,0,0,0,-27,-26,-41,0,0,0,0,0,-8,-11,-6,-6,-8,0,0,0,-15,0,0,0,0,0,0,0,-3,0,0,0,0,0,-5,-5,-6,0,0,0,0,0,0,0,0,0,0,0,0,0,0,0,0,8,8,8,8,8,18,86,86,29983,29984,29984,29985,29983]} 1. d4 Nf6 2. Bg5 Ne4 3. Bf4 d5 4. e3 g6 (4... c5 5. Bd3 Nf6 6. c3 Nc6 7. Nd2 Qb6 8. Rb1 Bg4 9. Ngf3 e6 10. Qa4 Be7 11. Ne5 O-O 12. Bg5 c4 13. Bc2 Bh5 14. Bxf6 gxf6 {1-0 (52) Mchedlishvili,M (2603)-Amin,B (2689) Riadh 2017}) 5. Bd3 Nf6 6. Nf3 {A45: Trompowsky Attack} Bg7 7. h3 O-O 8. Nbd2 {The position is equal.} c5 9. c3 b6 10. Qe2 Bb7 11. a4 Nbd7 $146 ({Predecessor:} 11... Ne4 12. O-O {1-0 (53) Hommer,J (1878)-Nguyen,H (1875) Hannover 2017}) 12. Bh2 a6 13. Ne5 Nxe5 14. Bxe5 Nd7 15. Bxg7 Kxg7 16. f4 e6 17. O-O Qe7 18. Qf2 c4 19. Bc2 b5 20. e4 dxe4 21. Nxe4 Bd5 22. Ng5 Nf6 23. Rae1 Qb7 {[#]} 24. f5 $1 {[%mdl 512]} exf5 {[#]} ({Of course not} 24... gxf5 $6 25. Qg3 $16) 25. Bxf5 $1 {[%mdl 512]} Qc6 {Threatens to win with ...h6.} (25... gxf5 26. Qxf5) 26. Bc2 Rae8 27. axb5 axb5 28. Re5 {White wants to play Qxf6+.} Nd7 29. Rxe8 Rxe8 30. Bd1 f6 (30... h6 $5 31. Nf3 $8 (31. Nxf7 $2 Rf8 $19) 31... Re7 $11) 31. Nf3 Nb6 32. Re1 Nc8 33. Rxe8 Qxe8 34. Qe1 (34. Nd2 {is interesting.} Nd6 35. Nf1 Be4 36. Ne3 Qe7 37. Qg3) 34... Qxe1+ (34... Qc6 {feels hotter.} 35. Qe3 Nd6 36. Ne1 Nf5 37. Qf4 Ne7) 35. Nxe1 $11 {[%mdl 4096] Endgame KBN-KBN} f5 36. Nc2 Kf6 37. Nb4 Bb7 38. Kf2 Nd6 39. Bf3 Bxf3 40. Kxf3 {KN-KN} h6 41. g4 Ke6 42. Na6 fxg4+ 43. hxg4 Kd5 44. Nc7+ Kc6 45. Ne6 b4 46. cxb4 Kd5 47. Nf4+ Kxd4 48. Nxg6 Kd3 49. Kf4 {Strongly threatening Ke5.} Kc2 {[#]} (49... c3 $1 $11 50. Ne5+ Kd4 51. bxc3+ Kxc3) 50. Ke5 $1 $16 {[%cal Re5d6]} Kxb2 $2 {[%mdl 8192]} (50... Nb5 $16) 51. Kxd6 c3 52. Nf4 c2 {Precision: White = 52%, Black = 58%.} 1-0